[Event "HCL-E1518"]
[Site "www.playchess.de"]
[Date "2006.01.12"]
[Round "3"]
[White "Henk"]
[Black "Arman_Bulatov"]
[WhiteElo "1806"]
[BlackElo "1628"]
[PlyCount "33"]
[Result "1-0"]

1.e4 e6 2.d4 d5 3.e5 c5 4.c3 Qb6 5.a3 Nc6 6.Nf3 c4 
7.Nbd2 Na5 8.b4 cxb3 9.Bb2 Bd7 10.c4 Qc6 11.cxd5 
Qxd5 12.Rc1 Rc8 13.Rxc8+ Bxc8 14.Qc1 Ne7 15.Qc7 
Bd7 16.Bc4 Nxc4 17.Nxc4 1-0

[Event "HCL-B3736"]
[Site "www.playchess.de"]
[Date "2006.01.12"]
[Round "5"]
[White "saulgonzalez"]
[Black "ronan48"]
[WhiteElo "1400"]
[BlackElo "926"]
[PlyCount "51"]
[Result "1-0"]

1.Nf3 d5 {Hello !}  2.d4 {Belgium, a nice place to 
live in, I guess}  Nf6 {Yes, it is. Where are you 
from in Mexico ?}  3.c4 {Puerto Vallarta, state of 
Jalisco, Ocean Pacific side, west}  e6 4.Nc3 c6 
{Been to Mexico, but just in Quitana Roo, and 
Yucatan.}  5.Bg5 Be7 6.e3 h6 7.Bh4 g5 8.Bg3 O-O 
9.Bd3 Nbd7 10.c5 Ne4 11.Bxe4 dxe4 12.Nxe4 {The 
player from Morocco has lost; time was his 
problem, never played neither moved a piece; how 
are you with our two german friends ? One of them 
quite just days ago and lost his game so I reached 
two points as of now; God bless you}  Qa5+ {Yes, I 
know, some just coming to see and then do nothing 
!congratulations with your 2 pts}  13.Nfd2 {Our 
two german friends quit so I achieved three points 
as for now; may God bless you}  Qb5 14.h4 {are you 
still playing with the germans ?}  Qxb2 {Yes I am 
my friend !}  15.hxg5 {Hopefully you are not in a 
bad position with them, though}  Bxg5 {At the 
moment no ! But everything can change ;-)}  
16.Nxg5 Nf6 17.Rxh6 Kg7 18.Rxf6 {Ronan, your King 
wants to rest in peace, I guess}  Kxf6 {Indeed ! 
:-) Happy Christmas !}  19.Nh7+ {Merry Christmas 
and Happy New Year '06 !! Joy to the World !}  Kg7 
{Happy New Year !}  20.Nxf8 {God Bless you during 
year '06 in Jesus' precious name}  Kxf8 {thank you 
you too, happy New year}  21.Bd6+ Kg8 22.a4 a5 
23.Qg4+ Kh7 24.Rb1 Qa2 25.Ke2 {Save the King !}  
e5 26.Rh1+ {Is it check mate ?} 
 1-0

[Event "HCL-B3761"]
[Site "www.playchess.de"]
[Date "2006.01.12"]
[Round "8"]
[White "Roy_the_Sealed_Sword"]
[Black "thor"]
[WhiteElo "1500"]
[BlackElo "1002"]
[PlyCount "34"]
[Result "0-1"]

1.e3 e6 2.Nh3 d5 3.Qf3 Nf6 4.g4 c5 5.Bb5+ Bd7 6.a4 
a6 7.Bd3 Be7 8.b3 e5 9.g5 Ng4 10.Bb2 Bxg5 11.Nxg5 
Qxg5 12.h4 Qf6 13.Qxd5 Qxf2+ 14.Kd1 Nf6 15.Qd6 
Qf3+ 16.Be2 Qxh1+ 17.Bf1 Qxf1+ 0-1

[Event "HCL-C4008"]
[Site "www.playchess.de"]
[Date "2006.01.12"]
[Round "4"]
[White "albertopv"]
[Black "Felrein"]
[WhiteElo "800"]
[BlackElo "800"]
[PlyCount "27"]
[Result "1-0"]

1.e4 d6 2.d4 Nc6 3.d5 Nd4 4.Qxd4 e5 5.dxe6 fxe6 
6.Nf3 e5 7.Qe3 Nf6 8.Bc4 Nxe4 9.Qxe4 Qf6 10.Bg5 h6 
11.Bxf6 gxf6 12.Nbd2 h5 13.O-O Bh6 
14.Qg6+ 1-0

[Event "HCL-B3809"]
[Site "www.playchess.de"]
[Date "2006.01.12"]
[Round "6"]
[White "Fazzer"]
[Black "WStanEvans"]
[WhiteElo "1500"]
[BlackElo "1200"]
[PlyCount "74"]
[Result "0-1"]

1.d4 d5 {Greetings!}  2.Nc3 Bf5 3.e3 Nf6 4.Bd3 Bg6 
5.Bxg6 hxg6 6.b3 Nc6 7.Bb2 e6 8.Qe2 a6 9.O-O-O Bd6 
10.f4 Qe7 11.Nb1 Ne4 12.Nf3 O-O-O 13.Ne5 Kb8 
14.Rdg1 Na7 15.g4 c5 16.Rgf1 Rdc8 17.dxc5 Bxc5 
18.Nd3 f6 19.f5 gxf5 20.gxf5 e5 21.Nxc5 Qxc5 
22.Ba3 Qb6 23.Rfd1 Rhd8 24.Nd2 Nc3 25.Qf2 Nxd1 
26.Rxd1 Rc3 27.Nf1 d4 28.exd4 exd4 29.Bb2 Nb5 
30.Qf4+ Rc7 31.Nd2 Ka8 32.Qf2 Qc5 33.Nc4 Rcd7 
34.h4 R7d5 35.Qg1 Nc3 36.Bxc3 dxc3 37.Rxd5 
Qxg1+ 0-1

[Event "HCL-C3938"]
[Site "www.playchess.de"]
[Date "2006.01.12"]
[Round "1"]
[White "jamesh"]
[Black "maodeferro"]
[WhiteElo "800"]
[BlackElo "800"]
[PlyCount "58"]
[Result "0-1"]

1.e4 e5 2.Qf3 Nf6 3.h4 d6 4.Bb5+ c6 5.Bc4 d5 {hi!} 
 6.exd5 cxd5 7.Bb5+ Bd7 8.Nc3 e4 9.Qf5 Nc6 10.Qf4 
Nb4 11.Qe5+ Be7 12.d3 Nxc2+ 13.Kd2 Nxa1 14.dxe4 
dxe4 15.f3 Bxb5+ 16.Ke3 Bc6 17.fxe4 Ng4+ 18.Kf3 
Nxe5+ 19.Kf4 f6 20.Nf3 Nxf3 21.gxf3 Nc2 22.b3 Qc7+ 
23.Kg4 Kf7 24.f4 Rad8 25.Rh2 Rd3 26.Rh3 Qd7+ 27.f5 
h5+ 28.Kf4 Bd6+ 29.e5 Bxe5+ 0-1

[Event "HCL-A2545"]
[Site "www.playchess.de"]
[Date "2006.01.12"]
[Round "6"]
[White "ippuli"]
[Black "Smallville2006"]
[WhiteElo "1637"]
[BlackElo "1700"]
[PlyCount "62"]
[Result "0-1"]

1.e4 {Hello! Good luck...}  c5 {Hi!....Good Luck 
to you too.}  2.d4 cxd4 3.c3 Nf6 4.e5 Nd5 5.Bc4 
Qc7 6.Qe2 Nb6 7.Bb3 Na6 8.Nf3 Nc5 9.Nxd4 Qxe5 
10.Be3 Nxb3 11.axb3 Nd5 12.O-O Nxe3 13.fxe3 e6 
14.Nd2 Be7 15.N2f3 Qb8 16.Ra5 O-O 17.Rh5 f5 18.Ng5 
h6 19.Ngxe6 dxe6 20.e4 {Making that move I didn't 
think that I had a pawn in e3!! Ooppss...}  Qe5 
21.Rxh6 gxh6 22.Qh5 Bg5 23.exf5 Be3+ 24.Kh1 Bxd4 
25.cxd4 Rxf5 26.Qe8+ Kh7 27.Rc1 Qg7 28.h3 Bd7 
29.Qxa8 Bc6 30.Rxc6 Rf2 31.g4 Qf7 0-1

[Event "HCL-C3994"]
[Site "www.playchess.de"]
[Date "2006.01.12"]
[Round "5"]
[White "herrDokter"]
[Black "Ulpe"]
[WhiteElo "912"]
[BlackElo "800"]
[PlyCount "58"]
[Result "0-1"]

1.e4 {Good luck}  c5 2.c4 Nc6 3.Nc3 g6 4.Nf3 Bg7 
5.Be2 Nf6 6.O-O O-O 7.b3 Nxe4 8.Bb2 d6 9.Nxe4 Bxb2 
10.Rb1 Bg7 11.h3 f5 12.Nc3 e5 13.Nd5 Be6 14.Nc3 e4 
15.Ne1 Nd4 16.f3 Qh4 17.f4 Bh6 18.Nb5 Nxb5 19.d3 
Nc3 20.Qc2 Nxb1 21.Qxb1 Bxf4 22.Nf3 exf3 23.Bxf3 
Qg3 24.a4 Rae8 25.Bxb7 Qh2+ 26.Kf2 Bf7 27.Bc6 Bg3+ 
28.Kf3 g5 29.Rh1 Bh5+ 0-1

[Event "HCL-B3782"]
[Site "www.playchess.de"]
[Date "2006.01.12"]
[Round "5"]
[White "Wilmy"]
[Black "sripradeep"]
[WhiteElo "1217"]
[BlackElo "1549"]
[PlyCount "29"]
[Result "1-0"]

1.e4 c5 2.f4 e5 3.Nf3 {Hello to you, good luck and 
much pleasure!}  exf4 4.d4 {Greetings from Berlin 
and good luck to you with our game.}  Nf6 {Hi from 
India, Good Luck.}  5.e5 Nd5 6.Bc4 {India is a big 
big continent!}  Ne3 7.Bxe3 fxe3 8.d5 Qb6 9.Qc1 
Qb4+ 10.Nbd2 exd2+ 11.Nxd2 b5 12.c3 Qa5 13.Be2 Bb7 
14.Nb3 Qb6 15.Qe3 1-0

[Event "HCL-A2375"]
[Site "www.playchess.de"]
[Date "2006.01.12"]
[Round "1"]
[White "Phil_Ottis"]
[Black "sparpaket"]
[WhiteElo "1334"]
[BlackElo "1565"]
[PlyCount "129"]
[Result "1-0"]

1.e4 g6 2.d4 Bg7 3.Nf3 d6 4.Nc3 Nf6 5.Qd3 O-O 
6.Bf4 c5 7.O-O-O cxd4 8.Nd5 e5 9.Bg5 Nbd7 10.Bxf6 
Nxf6 11.Nxf6+ Bxf6 12.Qb3 b5 13.Qxb5 Bd7 14.Qa6 
Rb8 15.Qxd6 Rb6 16.Qc5 Qb8 17.Qa3 Qb7 18.Nd2 Be6 
19.Bc4 {slow death!}  Rb8 20.Bxe6 Rxe6 21.b3 Ra6 
22.Qb2 Be7 23.Nc4 Rc8 24.Rd3 Qxe4 25.f3 Qd5 26.Re1 
f6 27.c3 Rxc4 28.bxc4 Qxc4 29.Qb3 Qxb3 30.axb3 
Ra1+ 31.Kd2 dxc3+ 32.Rxc3 Ra2+ 33.Ke3 Rxg2 34.Ra1 
Kf7 35.Rc7 Ke6 36.Ra6+ Kf5 37.Rxe7 Rxh2 38.Rxf6+ 
Kxf6 39.Rxa7 {oops!??}  h5 {Wish me luck I won´t 
screw up now ....}  40.b4 {Good luck. this will be 
ugly!}  Rb2 {:)}  41.Rb7 Kf5 42.b5 h4 43.b6 h3 
44.Rf7+ {This ought to be interesting}  Kg5 45.b7 
Kh4 46.Rh7+ Kg3 47.Rg7 Rb6 48.Rxg6+ {It's about 
time! i've spent a long time paying for my rook 
blunder.}  Rxg6 49.b8Q h2 50.Qxe5+ Kg2 51.Qe4 Rg3 
52.Qc2+ Kh3 53.Qd1 Rg1 54.Qd7+ Kg2 55.Qg4+ Kf1 
56.Qh3+ Rg2 57.Qh7 Rb2 58.f4 Rf2 59.Qb1+ Kg2 
60.Qe4+ Kg1 61.Qg6+ Kf1 62.Qd3+ Kg1 63.Qe4 {This 
might be the longest game I have ever played.}  
Rb2 {kind of difficult too}  64.Qg6+ Rg2 65.Qb1+ 
{Thanks for the game. See you soon} 
 1-0

[Event "HCL-C4010"]
[Site "www.playchess.de"]
[Date "2006.01.12"]
[Round "9"]
[White "arsenio"]
[Black "JULIUS"]
[WhiteElo "1121"]
[BlackElo "613"]
[PlyCount "50"]
[Result "1/2-1/2"]

1.e4 c5 2.Nf3 Nc6 3.d4 Nxd4 4.Nxd4 cxd4 5.Qxd4 e6 
6.Nc3 Nf6 7.Bg5 Be7 8.O-O-O O-O 9.h4 h6 10.Bd2 Ng4 
11.e5 h5 12.f3 Nxe5 13.Qxe5 d5 14.Bg5 Bxg5+ 
15.hxg5 g6 16.Bd3 a6 17.Rxh5 gxh5 18.Rh1 f6 
19.gxf6 Qxf6 20.Qxh5 Qg7 21.Bh7+ Kh8 22.Bg6+ Kg8 
23.Bh7+ Kh8 24.Bg6+ Kg8 25.Bh7+ 
Kh8 1/2-1/2

[Event "HCL-C4024"]
[Site "www.playchess.de"]
[Date "2006.01.12"]
[Round "8"]
[White "finarfin"]
[Black "xmen"]
[WhiteElo "1100"]
[BlackElo "799"]
[PlyCount "22"]
[Result "0-1"]

1.e4 g6 2.Bc4 Bg7 3.d4 d6 4.Nf3 Nf6 5.Nc3 O-O 6.h3 
a6 7.Bf4 b5 8.Bd3 Ne8 9.g4 f6 10.h4 Bxg4 11.Be2 
e5 0-1

[Event "HCL-C3949"]
[Site "www.playchess.de"]
[Date "2006.01.12"]
[Round "1"]
[White "patorre"]
[Black "Cubandiavolo"]
[WhiteElo "800"]
[BlackElo "800"]
[PlyCount "45"]
[Result "1-0"]

1.e4 {Hi, you live in a very wonderful country 
with music & nice people}  e5 {Thank you my 
friend. I think the same about italian people.}  
2.Nf3 Nc6 3.Bb5 a6 4.Ba4 Nf6 5.O-O Be7 6.Re1 b5 
7.Bb3 O-O 8.c3 d6 9.h3 Na5 10.Bc2 c5 11.d4 Qc7 
12.Nbd2 Nc6 13.dxc5 dxc5 14.Nf1 Rd8 15.Qe2 Be6 
16.Ne3 h6 17.Bd2 c4 18.b3 Na5 19.b4 Nc6 20.a4 Ra7 
21.Red1 Qb8 22.Bc1 Rad7 23.Rxd7 1-0

[Event "HCL-C3880"]
[Site "www.playchess.de"]
[Date "2006.01.12"]
[Round "11"]
[White "Milosforman"]
[Black "Meerdap"]
[WhiteElo "1113"]
[BlackElo "1132"]
[PlyCount "60"]
[Result "0-1"]

1.d4 d5 2.Nf3 e6 3.e3 f6 4.Bb5+ c6 5.Ba4 a5 6.O-O 
b5 7.Bxb5 cxb5 8.c3 Bd6 9.Bd2 Nh6 10.Re1 Nd7 11.b3 
g5 12.e4 Bb7 13.a3 dxe4 14.Nxg5 fxg5 15.Qh5+ Nf7 
16.Bxg5 Qxg5 17.Qxg5 Nxg5 18.h4 Nf7 19.c4 bxc4 
20.bxc4 Nf6 21.c5 Bc7 22.Nc3 Rg8 23.Rab1 Bc6 24.f3 
Rd8 25.Red1 exf3 26.g3 Bxg3 27.Rd3 Bxh4+ 28.Kf1 f2 
29.Ne2 Be4 30.Rh3 Bg2+ 0-1

[Event "HCL-C3994"]
[Site "www.playchess.de"]
[Date "2006.01.12"]
[Round "7"]
[White "Roger_K"]
[Black "unit68"]
[WhiteElo "1132"]
[BlackElo "800"]
[PlyCount "33"]
[Result "1-0"]

1.e4 d5 2.exd5 Nf6 3.Nc3 Nxd5 4.Nxd5 Qxd5 5.Qf3 
Qxf3 6.Nxf3 g6 7.Bd3 Bg7 8.O-O O-O {I just got a 
message about cheating in chess.  I don't and 
won't.  I love the game.  IF  ANYONE WATCHES MY 
PLAY THEY CAN SEE I do not use any advantage.  bad 
moves and no good con.}  9.Re1 {I most certainly 
have not made any comments in that regard. I play 
the game for the love of it like you and really 
don't care if I lose or win as long as I am 
enjoying the game.}  Nc6 10.Bb5 Bd7 {great lets 
bust it up}  11.c3 a6 12.Ba4 b5 13.Bb3 a5 14.Bd5 
Ra6 15.Bxc6 Bxc6 16.Rxe7 Re8 17.Rxc7 1-0

[Event "HCL-E1509"]
[Site "www.playchess.de"]
[Date "2006.01.12"]
[Round "8"]
[White "BohdanL"]
[Black "Chascarrillo"]
[WhiteElo "1499"]
[BlackElo "1876"]
[PlyCount "69"]
[Result "1-0"]

1.Nf3 {Hi, have a good tournament}  Nf6 2.c4 g6 
3.g3 Bg7 4.Bg2 O-O 5.O-O d6 6.Nc3 e5 7.d3 Nc6 8.a3 
a5 9.Rb1 Re8 10.Bg5 h6 11.Bxf6 Bxf6 12.b4 axb4 
13.axb4 Bg7 14.b5 Ne7 15.Qc2 c6 16.Nd2 Be6 17.bxc6 
bxc6 18.Rb7 d5 19.cxd5 cxd5 20.Nb5 Rc8 21.Nc7 Bg4 
22.e4 dxe4 23.dxe4 Rf8 24.Nf3 Qd6 25.Rd1 Qf6 
26.Qb3 Rcd8 27.Rxd8 Rxd8 28.h3 Be6 29.Nxe6 fxe6 
30.Nxe5 Rf8 31.f4 g5 32.Nd7 Qa1+ 33.Kh2 Bd4 
34.Qxe6+ Kg7 35.h4 1-0

[Event "HCL-A2494"]
[Site "www.playchess.de"]
[Date "2006.01.12"]
[Round "17"]
[White "Snillie"]
[Black "Jule"]
[WhiteElo "1513"]
[BlackElo "1432"]
[PlyCount "119"]
[Result "1-0"]

1.c4 Nf6 2.g3 e5 3.Bg2 c6 4.d4 exd4 5.Qxd4 Be7 
6.Nf3 O-O 7.O-O c5 8.Qd1 h6 9.Nc3 Nc6 10.a3 d6 
11.h3 a6 12.Re1 Be6 13.b3 Qd7 14.Kh2 Rfd8 15.e4 
Ne5 16.Be3 b5 17.Nxe5 dxe5 18.Qxd7 Bxd7 19.Nd5 
Nxd5 20.exd5 Bd6 21.Re2 bxc4 22.bxc4 Rab8 23.Raa2 
f5 24.Rab2 Rxb2 25.Rxb2 Bc8 26.Bf3 f4 27.Bd2 fxg3+ 
28.fxg3 Rf8 29.Kg2 Re8 30.Be4 Kf7 31.Ba5 Kf6 
32.Rb6 Ke7 33.Rb2 Rf8 34.Bc2 Rf6 35.Ba4 Rg6 36.Bc6 
h5 {I wish happy Chritmas. All your wishes ´ld 
like to arrive you and your family}  37.Bb7 Bxb7 
38.Rxb7+ Kf6 39.Kf3 e4+ 40.Kxe4 Rxg3 41.Bd8+ Kg6 
42.Rb6 Rxa3 43.Rxd6+ Kh7 44.Rc6 Rxh3 45.Rxa6 h4 {I 
wish a happy new year}  46.Ra2 Kh6 47.d6 Rh1 
48.Bc7 Rd1 49.Rh2 g5 50.Ke5 Re1+ 51.Kd5 Kh5 52.d7 
Rd1+ 53.Kc6 Rxd7 54.Kxd7 g4 55.Kc6 h3 56.Kxc5 Kh4 
57.Kd5 g3 58.Bxg3+ Kxg3 59.Rxh3+ Kxh3 
60.c5 1-0

[Event "HCL-E1509"]
[Site "www.playchess.de"]
[Date "2006.01.12"]
[Round "13"]
[White "puddschini"]
[Black "Chascarrillo"]
[WhiteElo "2043"]
[BlackElo "1876"]
[PlyCount "61"]
[Result "1-0"]

1.g3 {Hello,
good luck and enjoy the game.
Regards
Joerg}  g6 2.Bg2 Nf6 3.d4 Bg7 4.c4 O-O 5.Nc3 d6 
6.Nf3 Nbd7 7.O-O e5 8.e4 c6 9.b3 exd4 10.Nxd4 Re8 
11.h3 Nc5 12.Re1 a5 13.Rb1 h6 14.Re2 Bd7 15.Bf4 
Qb6 16.Bxd6 Nfxe4 17.Nxe4 Nxe4 18.Rxe4 Rxe4 19.c5 
Qb4 20.Nc2 Rd4 21.Qf3 Qd2 22.Nxd4 Bxd4 23.Rd1 Qb2 
24.Be5 Bxe5 25.Rxd7 Rf8 26.Rxb7 Qxa2 27.Bf1 Qc2 
28.Bc4 Qf5 29.Qxf5 gxf5 30.Ra7 Bc3 
31.Rc7 1-0

[Event "HCL-B3819"]
[Site "www.playchess.de"]
[Date "2006.01.12"]
[Round "12"]
[White "Alex77"]
[Black "VITAL"]
[WhiteElo "1396"]
[BlackElo "1232"]
[PlyCount "84"]
[Result "0-1"]

1.e4 {Hi!}  e5 {hi
}  2.Nf3 Nc6 3.Bc4 h6 4.Nc3 Nf6 5.O-O d6 6.Re1 Bg4 
7.d3 a6 8.Be3 Be7 9.Qd2 Bxf3 10.gxf3 Nh5 11.Kh1 
Bg5 12.Reg1 Nf4 13.Rg4 Nh3 14.Rg3 Qd7 15.Bd5 Bxe3 
16.fxe3 g5 17.Qg2 g4 18.Rxg4 Ng5 19.f4 exf4 
20.exf4 Ne6 21.Bxe6 Qxe6 22.f5 Qe5 23.Rg1 O-O-O 
24.Rg7 Nb4 25.a3 Nc6 26.Rxf7 Na7 27.Qg7 Nb5 
28.Nxb5 Qxb5 29.Rxc7+ Kb8 30.c4 Qb6 31.Re7 Rhg8 
32.Qxg8 Rxg8 33.Rxg8+ Ka7 34.f6 Qf2 35.Reg7 Qxf6 
36.R7g6 Qxb2 37.Rxd6 Qxa3 38.Rgg6 h5 39.Kg2 h4 
40.Kh3 Qb2 41.Rgh6 Qf2 42.Rxh4 
Qf3+ 0-1

[Event "HCL-A2537"]
[Site "www.playchess.de"]
[Date "2006.01.12"]
[Round "2"]
[White "schlueter"]
[Black "freno"]
[WhiteElo "1574"]
[BlackElo "1541"]
[PlyCount "73"]
[Result "1/2-1/2"]

1.d4 {Hi from Mölln / Germany  Good luck}  f5 
{Hello from Paris}  2.c4 g6 3.Nc3 Nf6 4.Nf3 Bg7 
5.e3 O-O 6.Bd3 d6 7.O-O c6 8.Qe2 Be6 9.b3 Bf7 
10.Bb2 Nbd7 11.e4 fxe4 12.Nxe4 Nxe4 13.Bxe4 Nf6 
14.Rad1 Re8 15.Rfe1 Nxe4 16.Qxe4 Bf6 17.h3 a5 
18.Nh2 a4 19.Ng4 axb3 20.axb3 Bg7 21.Qb1 Qa5 22.f4 
b5 23.Qd3 bxc4 24.bxc4 Qb4 25.Qc3 Qxc3 26.Bxc3 
Bxc4 27.Ne3 Bf7 28.f5 c5 29.fxg6 hxg6 30.Ng4 Ra4 
31.Re4 cxd4 32.Bxd4 Bd5 33.Rf4 e5 34.Bxe5 Bxe5 
35.Rxa4 Bb3 36.Rad4 Bxd1 37.Nxe5 {(offering draw)} 
 1/2-1/2

[Event "HCL-C4007"]
[Site "www.playchess.de"]
[Date "2006.01.12"]
[Round "5"]
[White "jsteveg"]
[Black "cla114"]
[WhiteElo "714"]
[BlackElo "871"]
[PlyCount "40"]
[Result "0-1"]

1.e4 e5 2.Bb5 Nc6 3.Nf3 Bc5 4.Nc3 Nf6 5.O-O O-O 
6.d3 Nb4 7.d4 exd4 8.Nxd4 d5 9.Re1 c6 10.Ba4 Bg4 
11.f3 Be6 12.a3 Bxd4+ 13.Kh1 Bxc3 14.bxc3 Na6 
15.Qd3 Nc5 16.Qd4 Nxa4 17.Qxa4 Qd6 18.Be3 dxe4 
19.fxe4 Ng4 20.Rad1 Qxh2+ 0-1

[Event "HCL-B3808"]
[Site "www.playchess.de"]
[Date "2006.01.12"]
[Round "12"]
[White "nichju"]
[Black "djpnola"]
[WhiteElo "973"]
[BlackElo "1173"]
[PlyCount "73"]
[Result "1-0"]

1.e4 {Hello}  e5 {Hello again.}  2.Nf3 Nc6 3.Bc4 
Nf6 4.c3 Bc5 5.d4 exd4 6.cxd4 Bb4+ 7.Bd2 d5 8.exd5 
Bxd2+ 9.Nbxd2 Nb4 10.Qe2+ Qe7 11.Bb5+ Bd7 12.Ng5 
Qxe2+ 13.Kxe2 Bxb5+ 14.Kd1 Nfxd5 15.Re1+ Ne7 
16.Nde4 O-O-O 17.Nxf7 Rxd4+ 18.Kc1 Nd3+ 19.Kc2 
Nxe1+ 20.Rxe1 Bd3+ 21.Kc3 Rhd8 22.Nxd8 Bxe4 
23.Kxd4 Bxg2 {Whoa!! I played that one like a 
complete idiot, didn't I? 
}  24.Rxe7 Kxd8 25.Rxg7 {I think sometimes we all 
played like an idiot}  Bc6 26.Rxh7 a6 27.f4 b5 
28.f5 Ke8 29.Rxc7 Bd7 30.f6 Be6 31.h4 Kf8 32.a3 
Kg8 33.h5 Bf7 34.Rc8+ Kh7 35.Rc7 Kg8 36.h6 a5 
37.h7+ 1-0

[Event "HCL-E1526"]
[Site "www.playchess.de"]
[Date "2006.01.12"]
[Round "2"]
[White "BohdanL"]
[Black "HOTSUN"]
[WhiteElo "1466"]
[BlackElo "1626"]
[PlyCount "41"]
[Result "1-0"]

1.Nf3 {Hi, nice to meet you again, after so long 
time. Finally, you reached my class :-)}  Nc6 {yes 
we meet again gl}  2.c4 {good luck to you too}  b6 
{thanks}  3.g3 Bb7 4.Bg2 Nf6 5.d4 g6 6.O-O d5 
7.cxd5 Nxd5 8.Nc3 Nxc3 9.bxc3 Bg7 10.Bf4 O-O 
11.Rc1 Re8 12.d5 Na5 13.c4 c6 14.e4 cxd5 15.cxd5 
Rc8 16.Be5 Bxe5 17.Nxe5 Qd6 18.Ng4 Rxc1 19.Qxc1 
Rc8 20.Qb2 Nc4 21.Nh6+ {?}  1-0

[Event "HCL-C4030"]
[Site "www.playchess.de"]
[Date "2006.01.12"]
[Round "20"]
[White "Grunert"]
[Black "pera"]
[WhiteElo "909"]
[BlackElo "940"]
[PlyCount "90"]
[Result "0-1"]

1.d4 d5 2.e3 Nf6 3.Nf3 Bg4 4.Be2 c5 5.dxc5 Qa5+ 
6.Nc3 Qxc5 7.O-O Nc6 8.a3 e5 9.h3 d4 10.exd4 exd4 
11.Na2 Bxf3 12.Bxf3 Bd6 13.Qe2+ Qe5 14.Re1 O-O 
15.Qxe5 Bxe5 16.Bxc6 bxc6 17.Rxe5 Nd7 18.Re7 Nc5 
19.b4 Na4 20.Rd7 Rfd8 21.Rxd8+ Rxd8 22.Bf4 d3 
23.cxd3 Rxd3 24.Re1 f6 25.Nc1 Rxa3 26.Re7 Nc3 
27.Rc7 Nd5 28.Rxc6 Nxf4 29.Kf1 Ra1 30.g3 Nd3 
31.Rc8+ Kf7 32.Rc7+ Kg6 33.Rxa7 Rxc1+ 34.Kg2 Nxb4 
35.Rb7 Nd3 36.Rd7 Ne1+ 37.Kh2 Rc2 38.Re7 Nf3+ 
39.Kg2 Ne5 40.h4 Ng4 41.Re4 Ne5 42.Re3 Ng4 43.Re4 
Kf5 44.Re7 Rxf2+ 45.Kh3 Rh2+ 0-1

[Event "HCL-A2544"]
[Site "www.playchess.de"]
[Date "2006.01.12"]
[Round "21"]
[White "GED"]
[Black "lunchpail"]
[WhiteElo "1445"]
[BlackElo "1315"]
[PlyCount "32"]
[Result "0-1"]

1.e4 {hello fom liverpool and good luck!}  e5 
{greetings from western canada!   :-)}  2.Nf3 
{What part? My brother lives in Victoria.}  d6 {i 
live in calgary, which is in the next province 
east of victoria. it's about a 12 hour drive 
across the rocky mountains and then a ferry ride 
across open water to get to victoria from here.}  
3.Bc4 Be7 4.d4 Nd7 5.b4 Ngf6 6.Bxf7+ Kxf7 7.Ng5+ 
Kg8 8.Ne6 Qe8 9.Nxc7 Qg6 10.Nxa8 Qxg2 11.Rf1 exd4 
12.Qxd4 Ne5 13.Nd2 Bh3 14.f3 Qxf1+ 15.Nxf1 Nxf3+ 
16.Ke2 Nxd4+ 0-1

[Event "HCL-B3804"]
[Site "www.playchess.de"]
[Date "2006.01.12"]
[Round "4"]
[White "dynamike"]
[Black "Phileas"]
[WhiteElo "1479"]
[BlackElo "1402"]
[PlyCount "43"]
[Result "0-1"]

1.e4 e6 {happy new year! And a good game to you.}  
2.d4 d5 3.Nc3 Bb4 4.Qg4 g6 5.e5 Bxc3+ 6.bxc3 Bd7 
7.Bg5 Qc8 8.Nh3 h6 9.Qh4 Ba4 10.Bd3 Qd7 11.O-O Qc6 
12.Bd2 Nd7 13.Nf4 g5 14.Qh5 gxf4 15.Rfe1 Bb5 
16.Bxf4 Bxd3 17.cxd3 Qxc3 18.Rac1 Qa5 19.Rc2 c6 
20.Re3 Qa4 21.Rce2 Qxd4 22.Rf3 0-1

[Event "HCL-E1504"]
[Site "www.playchess.de"]
[Date "2006.01.12"]
[Round "4"]
[White "oyetola"]
[Black "pkchess"]
[WhiteElo "1508"]
[BlackElo "1648"]
[PlyCount "70"]
[Result "0-1"]

1.e4 c5 {Hello,have a good game!}  2.c4 e6 3.d3 
Nc6 4.Nf3 d5 5.Bg5 Be7 6.h4 dxe4 7.Bxe7 Ngxe7 
8.Ng5 exd3 9.Qf3 Ne5 10.Qe3 N7c6 11.Qxc5 Qa5+ 
12.Qxa5 Nxa5 13.Nc3 Naxc4 14.O-O-O h6 15.Nf3 Nxf3 
16.gxf3 Ne5 17.Bxd3 Nxf3 18.Bb5+ Ke7 19.Rd3 Ne5 
20.Re3 f6 21.f4 Ng4 22.Re2 a6 23.Ba4 b5 24.Bb3 Rd8 
25.f5 e5 26.Nd5+ Kf8 27.Nc7 Ra7 28.Ne6+ Bxe6 
29.Bxe6 Rc7+ 30.Kb1 Rd4 31.h5 e4 32.b3 Rc5 33.Rh4 
e3 34.Rxe3 Rd1+ 35.Kb2 Nxe3 0-1

[Event "HCL-A2509"]
[Site "www.playchess.de"]
[Date "2006.01.12"]
[Round "32"]
[White "k_a_n_i_b_a_l"]
[Black "taroak"]
[WhiteElo "1593"]
[BlackElo "1399"]
[PlyCount "54"]
[Result "0-1"]

1.d4 Nf6 2.Nc3 e6 3.e4 c5 4.Nf3 cxd4 5.Nxd4 Nc6 
6.Nf3 a6 7.Bc4 b5 8.Bd3 Qc7 9.O-O Bb7 10.Re1 Bd6 
11.Bg5 Ng4 12.h3 Nge5 13.a3 O-O 14.Be3 Ne7 15.Rc1 
f5 16.exf5 Bxf3 17.gxf3 Nxf5 18.Ne4 Nh4 19.Be2 
Nhxf3+ 20.Bxf3 Nxf3+ 21.Kh1 Nxe1 22.Qxe1 Bf4 
23.Nd2 Rf5 24.Qe2 Raf8 25.Rg1 Qe5 26.c3 Bxe3 
27.fxe3 R5f2 0-1

[Event "HCL-A2543"]
[Site "www.playchess.de"]
[Date "2006.01.12"]
[Round "17"]
[White "froilo"]
[Black "GCP"]
[WhiteElo "1386"]
[BlackElo "1451"]
[PlyCount "62"]
[Result "0-1"]

1.Nf3 d6 {hello, have a good game}  2.b3 {thanks, 
same wish}  Bg4 3.e3 Nf6 4.Bb2 e5 5.Be2 Nbd7 6.O-O 
Be7 7.d3 Nb6 8.Nbd2 Nfd7 9.h3 Bh5 10.Nh2 Bxe2 
11.Qxe2 f5 12.Qh5+ g6 13.Qf3 c6 14.Qg3 Nf8 15.f4 
exf4 16.Qxf4 Bf6 17.d4 Nd5 18.Qf3 Qe7 19.c4 Qxe3+ 
20.Qxe3+ Nxe3 21.Rfe1 f4 22.g3 Kd7 23.Rac1 g5 
24.Kf2 Ne6 25.Kf3 Nxd4+ 26.Bxd4 Bxd4 27.gxf4 gxf4 
28.Kxf4 Ng2+ 29.Ke4 Nxe1 30.Kxd4 Rae8 31.Ne4 
c5+ 0-1

[Event "HCL-B3771"]
[Site "www.playchess.de"]
[Date "2006.01.12"]
[Round "34"]
[White "epenz"]
[Black "cioran"]
[WhiteElo "944"]
[BlackElo "1214"]
[PlyCount "45"]
[Result "1/2-1/2"]

1.e4 {hallo}  e5 {Hallo}  2.Nf3 Nc6 3.Bc4 Nf6 4.d3 
Bb4+ 5.Bd2 Bxd2+ 6.Qxd2 d5 7.exd5 Nxd5 8.O-O Nf4 
9.Re1 f6 10.Nc3 Be6 11.Bxe6 Nxe6 12.a3 O-O 13.b4 
Ned4 14.Nxd4 Nxd4 15.Ne2 Re8 16.Nxd4 Qxd4 17.c3 
Qd7 18.a4 e4 19.d4 Re7 20.a5 a6 21.Re3 f5 22.Rae1 
Rae8 23.h3 {(offering draw)}  1/2-1/2

[Event "HCL-B3743"]
[Site "www.playchess.de"]
[Date "2006.01.12"]
[Round "21"]
[White "GCP"]
[Black "Jule"]
[WhiteElo "1523"]
[BlackElo "1366"]
[PlyCount "117"]
[Result "1-0"]

1.e4 {hello, have a good game}  e5 {Hello again 
and likewise good luck}  2.Nf3 d6 3.d4 Bg4 4.dxe5 
Bxf3 5.Qxf3 dxe5 6.Bc4 Nf6 7.Qb3 Bd6 8.Bxf7+ Kf8 
9.Bg5 Nbd7 10.Bd5 c6 11.Bc4 b5 12.Be6 Nc5 13.Qh3 
Ncxe4 14.Bxf6 Nxf6 15.Nd2 Qa5 16.a3 Rd8 17.c3 b4 
18.O-O bxc3 19.bxc3 Bc5 20.Nc4 Qc7 21.Rfe1 Bd6 
22.Qe3 e4 23.Nxd6 Rxd6 24.Bf5 Kf7 25.Bxe4 Re8 
26.f3 Rde6 27.Qd4 Qb6 28.Rab1 Qxd4+ 29.cxd4 Nxe4 
30.Rb7+ R8e7 31.Rxe7+ Rxe7 32.fxe4 Kg6 {I wish 
happy Christmas. And your wishes ´ld like to 
arrive you and your family}  33.Kf2 {the same for 
your family and friends}  Kg5 34.Ke3 Re6 35.Rb1 a5 
36.Rb7 Kg6 37.Ra7 h5 38.Rxa5 Kh6 39.Rc5 g5 40.a4 
h4 41.h3 Rf6 42.a5 Kh5 43.a6 Rf7 44.Rxc6 Ra7 45.d5 
Rd7 46.Rb6 Ra7 47.d6 Rd7 48.e5 Kg6 49.Rb7 Rd8 
50.a7 Ra8 51.d7 Kf5 52.Rb8 Rxa7 53.Rf8+ Kxe5 
54.d8Q Ra3+ 55.Kf2 Ra2+ 56.Kg1 Ra1+ 57.Kh2 Ke6 
58.Qf6+ Kd5 59.Qxa1 1-0